000
00318nam a22001457a 4500
008
230703b ||||| |||| 00| 0 eng d
020
_a
2800471354088
041
_a
eng
080
_a
541
082
_a
541GRE
100
_a
14
101
_a
KIMI
245
_a
A CHEMICAL HISTORY TOUR
_c
GREENBERG.A
942
_2
udc
_c
BK
999
_c
60081
_d
60081